000 00310pam a2200133 a 4500
020 _c
041 _h
082 _a757
_bRER
100 _aTricia Recichert.
245 _aArt Answer Portrait Painting
_hTextual Documents
260 _a[s.l]:
_bSearch Press,
_c2015.
300 _a322:
_bpaper.
930 _a7948
999 _c241738
_d241738